| 000 -LEADER |
| fixed length control field |
01387cam a2200373 a 4500 |
| 001 - CONTROL NUMBER |
| control field |
12159548 |
| 003 - CONTROL NUMBER IDENTIFIER |
| control field |
Nust |
| 005 - DATE AND TIME OF LATEST TRANSACTION |
| control field |
20170418181057.0 |
| 008 - FIXED-LENGTH DATA ELEMENTS--GENERAL INFORMATION |
| fixed length control field |
000310s1998 ii b 000 0 eng |
| 010 ## - LIBRARY OF CONGRESS CONTROL NUMBER |
| LC control number |
99952362 |
| 020 ## - INTERNATIONAL STANDARD BOOK NUMBER |
| International Standard Book Number |
8173031053 |
| 025 ## - OVERSEAS ACQUISITION NUMBER |
| Overseas acquisition number |
I-E-99-952362; 513 |
| 035 ## - SYSTEM CONTROL NUMBER |
| System control number |
(DLC) 99952362 |
| 037 ## - SOURCE OF ACQUISITION |
| Source of stock number/acquisition |
Library of Congress -- New Delhi Field Office |
| Terms of availability |
Rs225.00 |
| 040 ## - CATALOGING SOURCE |
| Original cataloging agency |
DLC |
| Transcribing agency |
DLC |
| Modifying agency |
DLC |
| 042 ## - AUTHENTICATION CODE |
| Authentication code |
lcode |
| 043 ## - GEOGRAPHIC AREA CODE |
| Geographic area code |
ac----- |
| -- |
a-cc-ti |
| 050 00 - LIBRARY OF CONGRESS CALL NUMBER |
| Classification number |
BX3746.T5 |
| Item number |
W4 1998 |
| 082 00 - DEWEY DECIMAL CLASSIFICATION NUMBER |
| Classification number |
271.53058 |
| Edition number |
21 |
| Author Mark |
WES |
| 100 1# - MAIN ENTRY--PERSONAL NAME |
| Personal name |
Wessels, C. |
| Fuller form of name |
(Cornelius) |
| 245 10 - TITLE STATEMENT |
| Title |
Early Jesuit travellers in Central Asia, 1603-1721 / |
| Statement of responsibility, etc. |
by C. Wessels. |
| 260 ## - PUBLICATION, DISTRIBUTION, ETC. |
| Place of publication, distribution, etc. |
Delhi : |
| Name of publisher, distributor, etc. |
Book Faith India ; |
| Place of publication, distribution, etc. |
Kathmandu : |
| Name of publisher, distributor, etc. |
Distributed by Pilgrims Book House, |
| Date of publication, distribution, etc. |
c1998. |
| 300 ## - PHYSICAL DESCRIPTION |
| Extent |
xi, 233 p. : |
| Other physical details |
1 folded map ; |
| Dimensions |
22 cm. |
| 500 ## - GENERAL NOTE |
| General note |
Previous ed.: The Hague : M. Nijhoff, 1924. |
| 520 ## - SUMMARY, ETC. |
| Summary, etc. |
With special reference to Tibet. |
| 610 20 - SUBJECT ADDED ENTRY--CORPORATE NAME |
| Corporate name or jurisdiction name as entry element |
Jesuits |
| Geographic subdivision |
China |
| -- |
Tibet Autonomous Region. |
| 610 20 - SUBJECT ADDED ENTRY--CORPORATE NAME |
| Corporate name or jurisdiction name as entry element |
Jesuits |
| Geographic subdivision |
Asia, Central. |
| 610 20 - SUBJECT ADDED ENTRY--CORPORATE NAME |
| Corporate name or jurisdiction name as entry element |
Jesuits |
| Form subdivision |
Biography. |
| 651 #0 - SUBJECT ADDED ENTRY--GEOGRAPHIC NAME |
| Geographic name |
Tibet Autonomous Region (China) |
| General subdivision |
Description and travel. |
| 651 #0 - SUBJECT ADDED ENTRY--GEOGRAPHIC NAME |
| Geographic name |
Asia, Central |
| General subdivision |
Description and travel. |
| 906 ## - LOCAL DATA ELEMENT F, LDF (RLIN) |
| a |
7 |
| b |
cbc |
| c |
origode |
| d |
3 |
| e |
ncip |
| f |
19 |
| g |
y-gencatlg |
| 942 ## - ADDED ENTRY ELEMENTS (KOHA) |
| Source of classification or shelving scheme |
|
| Koha item type |
Book |